00417nam a2200157Ia 4500001000500000005001700005008004100022041000800063082002000071100005100091245006300142260000900205300002900214650000800243654000800251317220260306144901.0260306t2003||||xx |||||||||||||| ||spa|| aESP a261.8bF96 V. 1 aFundación Universitaria San Pablo - CEUeAUT 0aDesafíos globales:bla doctrina social de la iglesia hoy c2003 a1097 páginas :c21 cm. aGEN aCHU